| 000 | 00812nam a2200253 i 4500 | ||
|---|---|---|---|
| 001 | 817470 | ||
| 003 | OSt | ||
| 005 | 20240904080636.0 | ||
| 008 | 770628s1977 mau b 001 0 eng | ||
| 010 | _a 76020035 | ||
| 020 | _a0201004364 | ||
| 040 |
_aDLC _cDLC _dDLC |
||
| 050 | 0 | 0 |
_aHF5549 _b.B328 |
| 082 | 0 | 0 | _a658.3 B328 1977 |
| 100 | 1 | _aBeatty, Richard W. | |
| 245 | 1 | 0 |
_aPersonnel administration : _ban experiential/skill-building approach / _cRichard W. Beatty, Craig Eric Schneier. |
| 260 |
_aReading, Mass. : _bAddison-Wesley Pub. Co., _cc1977. |
||
| 300 |
_ax, 562 p. ; _c28 cm. |
||
| 504 | _aIncludes bibliographies and index. | ||
| 650 | 0 | _aPersonnel management. | |
| 700 | 1 |
_aSchneier, Craig Eric, _ejoint author. |
|
| 906 |
_a7 _bcbc _corignew _d2 _eocip _f19 _gy-gencatlg |
||
| 942 |
_2ddc _cBK-EN _n0 |
||
| 999 |
_c7135 _d7135 |
||